Central Library OPAC University of Rajshahi

Stability Analysis of Some Mathematical Models of Epidemics / (Record no. 82073)

MARC details
000 -LEADER
fixed length control field 00970nam a2200253 a 4500
001 - CONTROL NUMBER
RUCL Control Number 82073
003 - CONTROL NUMBER IDENTIFIER
rucl marc code BD-RjUL
005 - DATE AND TIME OF LATEST TRANSACTION
control field 20231009184636.0
008 - FIXED-LENGTH DATA ELEMENTS--GENERAL INFORMATION
fixed length control field 231009s2013 bg ||||| m||| 00| 0 eng d
035 ## - SYSTEM CONTROL NUMBER
system control number (BD-RjUL)82073
040 ## - CATALOGING SOURCE
Original cataloging agency BD-RjUL
Language of cataloging eng
Transcribing agency BD-RjUL
Modifying agency BD-RjUL
041 ## - LANGUAGE CODE
Language code of Book eng
082 ## - DEWEY DECIMAL CLASSIFICATION NUMBER
DDC Edition number 23
Classification number 519.85
Author mark and Year ISS 2013
100 ## - MAIN ENTRY--PERSONAL NAME
Personal name Islam, Md. Saiful
245 10 - TITLE STATEMENT
Title Stability Analysis of Some Mathematical Models of Epidemics /
Statement of responsibility, etc Md. Saiful Islam
Name of Supervisor/Co-Supervisor Supervisor : Md. Asaduzzaman Co-Supervisor : Md. Nazrul Islam Mondal
260 ## - PUBLICATION, DISTRIBUTION, ETC. (IMPRINT)
Place of publication, distribution, etc Rajshahi :
Name of publisher, distributor, etc Department of Mathematics,University of Rajshahi
Date of publication, distribution, etc 2013
300 ## - PHYSICAL DESCRIPTION
Pagination [1], xii, 129 leaves ;
Dimensions 29 cm.
502 ## - DISSERTATION NOTE
Dissertation note Thesis(M.Phil.)-- Department of Mathematics,University of Rajshahi,2013
504 ## - BIBLIOGRAPHY, ETC. NOTE
Bibliography, etc Bibliography : Leaves 118-129
650 ## - SUBJECT ADDED ENTRY--TOPICAL TERM
Topical term or geographic name as entry element Epidemics
General subdivision Mathematical Models
9 (RLIN) 9436
700 ## - ADDED ENTRY--SUPERVISOR/CO-SUPERVISOR NAME
Personal name Asaduzzaman, Md. Supervisor
9 (RLIN) 9437
Personal name Mondal, Md. Nazrul Islam, Co-Supervisor
9 (RLIN) 9367
942 ## - ADDED ENTRY ELEMENTS (KOHA)
Source of classification or shelving scheme Dewey Decimal Classification
Koha item type Theses
Holdings
Source of classification or shelving scheme Damaged status Not for loan Collection code Permanent Location Current Location Shelving location Date of accession Source of acquisition Total Checkouts Full call number Barcode Date last seen Copy number Thesis
Dewey Decimal Classification   Not For Loan Theses Central Library, University of Rajshahi Central Library, University of Rajshahi Documentation Section 22/12/2014 Controller of Exam. R.U.   THE 519.85 ISS 2013 D3760 09/10/2023 C-1 Theses